Hádanky

Bibliographic Details
Main Author: Košický, Fedor (Author)
Other Authors: Klimo, Alojz, 1922-2000 (gup)
Format: Article
Language:Slovak
Subjects:

MARC

LEADER 00000nab a2200000 a 4500
001 vtls000353189
003 SK-MaSNL
005 20260302230152.0
008 111201c1989 xo 0 slo
015 |a SNBRB19rr/mm-uuuuu 
035 |a CL0353311 
040 |a SNKBUCL  |b slo  |c SNKBUCL  |e AACR2 
041 0 |a slo 
044 |a xo  |c SK 
080 |a 885.4-1(087.5)  |2 1981 
100 1 |a Košický, Fedor  |4 aut  |9 959380 
245 1 0 |a Hádanky  |c Fedor Košický ; Alojz Klimo 
650 0 7 |a hádanky  |2 snkbucl  |9 1511 
655 7 |a články z novín a časopisov  |2 snkbucl  |9 267496 
655 7 |a články z odboru literárna veda a krásna literatúra  |2 snkbucl  |9 770045 
700 1 |a Klimo, Alojz,  |d 1922-2000  |4 gup  |9 96168 
773 0 |t Zornička  |g Roč. 41, č. 19 (1989), s. 11 
850 |a Slovenská národná knižnica v Martine  |a MTA001 
852 |a SNK  |b KIS3GCP 
958 |a RK 
958 |a LX 
992 |a RBX 
999 |c 1532513  |d 1534443